000 00558nam a22002057a 4500
001 75799
003 BD-RjUL
005 20211209082740.0
008 190709s1953 nyu||||| |||| 00| 0 eng d
035 _a(BD-RjUL)76018
040 _aBD-RjUL
_beng
_cBD-RjUL
041 _aeng
082 _223
_a368.32
_bOWF 1953
100 _aOwen, Henry T.
_9232279
245 _aFundamentals of life insurance /
_cHenry T. Owen
260 _aNew York :
_bPrentice-Hall,
_c1953.
300 _a424 p.:
_bill.;
_c22 cm.
650 _aLife insurance
_9232280
942 _2ddc
_cBK
999 _c75799
_d75799